000 00948cam a2200289 a 4500
003 CHAP
005 20240515140112.0
008 010926d mx r 10100 spa d
010 _a87166
011 _a88138
020 _a9074134904
035 _a98683
040 _cCHAP
082 0 4 _a635.21
_bW7 2000
111 0 0 _aWorld Potato Congress (
_n4 :
_d2000 :
_cAmsterdam, The Netherlands)
_9122731
245 1 0 _aProceedings of The World Potato Congress
_c/
260 _aWageningen :
_bWageningen Pers,
_c2000.
300 _a300 p. :
_bilus. ; gráfs. ;
_e+ 1 disco compacto 4 3/4 plgs.
590 _aBATCH-UPD
_b10
_c20130110
590 _aCONVERSION
_b10
_c20130109
650 0 4 _aPapa
_xCongresos.
_985203
901 _aBK
905 _aAlejandra Carrasco M.
942 _cCD
_2ddc
949 _a635.21 W7 2000
_bBC
_cCD
_d33724002027686
_eCD
_fCD
_i98683
_sb
949 _a635.21 W7 2000
_bBC
_cLIBRO
_d33724000889085
_eLIBRO
_h103587
_i98683
_kI.217078
_sb
999 _c87166
_d87166